Księstwa śląskie w XIV. wieku z mapą - Statystyki

Ogólne statystyki
  • Ten quiz został rozwiązany 680 razy
  • Średni wynik to 10 z 20
Odpowiedzi na mapie
Odpowiedzi zakodowano w zielono-czerwonej skali na mapie do tego quizu, zgodnie z poniższymi procentami.
 
Statystyki odpowiedzi
Księstwo % Poprawnych
Wrocław
95%
Opole
89%
Legnica
77%
Cieszyn
75%
Głogów
68%
Racibórz
68%
Nysa
62%
Bytom
58%
Brzeg
57%
Świdnica
54%
Oleśnica
45%
Jawor
44%
Żagań
40%
Namysłów
38%
Opawa
32%
Strzelce
31%
Koźle
25%
Niemodlin
22%
Ziębice
15%
Ścinawa
14%
Nie znaleziono quizów pasujących do podanych kryteriów
Rozkład punktacji
Procent ludzi z każdym wynikiem
Percentyl według liczby udzielonych odpowiedzi
Twoja historia wyników
Nie rozwiązałeś tego quizu